| 000 | 00829nam a2200253 a 4500 | ||
|---|---|---|---|
| 999 |
_c2205 _d2205 |
||
| 008 | 200220s2017 ii a|||| m|||a00| 0 eng d | ||
| 040 |
_aKO _beng |
||
| 041 | 0 | _aeng | |
| 044 | _aii | ||
| 082 | 0 | 4 |
_223 _a378.242 _bPRM1513 |
| 100 | 1 |
_aKapoor, Sagar _eResearcher |
|
| 245 | 1 | 2 |
_aA study On The Operational Performance of Major Ports / _cSagar Kapoor ; Guide Dr. M. Sekar |
| 260 |
_aKochi : _bIndian Maritime University, _c2017 |
||
| 300 |
_a53 p. : _bill. ; _c29 cm. |
||
| 490 | 0 |
_aMBA Project 2015-17 ; _v1505305013 |
|
| 502 | _aProject (MBA)–Indian Maritime University. School of Maritime Management, 2017. | ||
| 650 | 0 | _aPort au Port Peninsula (N.L.) | |
| 650 | 0 | _aPerformance | |
| 655 | 7 |
_2lcsh _aDissertations, Academic _y2017 |
|
| 700 | 1 |
_aSekar, M. _cDr. _eGuide |
|
| 904 | _aReshma_R | ||
| 942 | _cTH | ||